Представление документа в формате RUSMARC

ПолеНазваниеЗначение
  Тип записи a
  Библиографический уровень m
001 Контрольный номер RU/SLIB/B/208751143
005 Дата корректировки 20251125142722.2
010 Индекс ISBN __
d Цена 250-00
100 Данные общей обработки __
a Данные общей обработки 20251125d1993 m y0rusy028902 ca
101 Язык документа 0_
a Язык текста rus
102 Страна публикации __
a Страна публикации RU
105 Кодированные данные (монография) __
a Кодированные данные (монография) y z 000yy
181 Поле кодированных данных: вид содержания _0
a Код вида содержания (ISBD) i
182 Поле кодированных данных: тип средства _0
a Код типа средства (ISBD) n
200 Заглавие и сведения об ответственности 1_
a Заглавие Н. Я. Мясковский "Причуды" (шесть небольших пьес): Вариант исполнительского анализа как пример реализации комплексного подхода в системе образования
e Сведения, относящиеся к заглавию метод. разраб. для студентов
f Первые сведения об ответственности Сам. гос. ин-т искусств и культуры, Каф. фортепиано ; сост. А. М. Хабаров
203 Вид содержания и тип средства __
a Вид содержания Текст
c Тип средства непосредственный
210 Выходные данные 1_
a Место издания Самара
c Издательство [б. и.]
d Дата издания 1993
215 Физическое описание __
a Объем 16 с.
320 Библиография __
a Библиография Библиогр.: с. 16
605 Заглавие как предмет __
a Заглавие Причуды
2 Код системы nlr_sh
606 Тематические рубрики __
a Основная рубрика Музыка и зрелищные искусства
2 Код системы nlr_sh
606 Тематические рубрики __
a Основная рубрика Инструментальная музыка
2 Код системы nlr_sh
610 Ключевые слова 0_
a Ключевые слова инструментоведение; исполнительское мастерство; музыкальные пьесы
686 Индексы других классификаций __
a Классификационный индекс 85.315.3
2 Код системы rubbks
702 Вторичная интеллектуальная ответственность _1
a Фамилия Хабаров
b Имя А. М.
4 Код отношения 220
801 Источник записи _0
a Страна RU
b Организация Муниципальное бюджетное учреждение культуры "Централизованная библиотечная система" г. Сургут (Центральная городская библиотека им. А. С. Пушкина)
g Правила каталогизации PSBO
c Дата составления 19990505
801 Источник записи _1
a Страна RU
b Организация Муниципальное бюджетное учреждение культуры "Централизованная библиотечная система" г. Сургут (Центральная городская библиотека им. А. С. Пушкина)
g Правила каталогизации PSBO
c Дата составления 19990505
852 Данные о местонахождении __
j Шифр хранения 85.315.3
c Каталожный индекс 85.315.3
i Авторский знак М 99
p Инвентарный номер Б/Н
901 Тип документа __
t Тип документа m
a Ответственный КиК/Уланова
901 Тип документа __
a Ответственный СКБР2025
903 Характеристики (МАРС) __
a Дата передачи 19990505
c Наименование библиотеки (МАРС) Муниципальное бюджетное учреждение культуры "Централизованная библиотечная система" г. Сургут (Центральная городская библиотека им. А. С. Пушкина)
990 Данные о заказе (DOS) __
j Количество экземпляров (DOS) 1